000 00276nam a22001097a 4500
008 131217t xxu||||| |||| 00| 0 eng d
020 _a0-330-02587-2
100 _aAgatha Christie
_9437
245 _aMrs McGinty's Dead
_bA Hercule Poirot Mystery
300 _a340
942 _2ddc
_cBK
999 _c16708
_d16708